MARC

LEADER 00000nam0a2200000 4500
001 303232
005 20231102001601.0
020 |a RU  |b 83-34982 
035 |a (RuTPU)RU\TPU\book\328453 
090 |a 303232 
100 |a 20150901d1983 k y0rusy5003 ca 
101 0 |a rus 
102 |a UA 
105 |a y z 001zy 
200 1 |a Экономика города: теория, практика, перспективы  |f В. В. Финагин  |g Академия наук Украинской ССР (АН УССР), Институт экономики промышленности (ИЭП) 
210 |a Киев  |c Наукова думка  |d 1983 
215 |a 162 с. 
320 |a Библиогр.: с. 155-161 
606 1 |a Города  |x Социология  |2 stltpush  |3 (RuTPU)RU\TPU\subj\8283  |9 35738 
606 1 |a Экономика города  |2 stltpush  |3 (RuTPU)RU\TPU\subj\27953  |9 51592 
610 1 |a социальное развитие 
610 1 |a экономическое развитие 
610 1 |a теория 
610 1 |a практика 
610 1 |a социология 
686 |a С55.661  |v LBC/SL-A  |2 rubbk 
686 |a У9(2)44  |v LBC/SL-A  |2 rubbk 
700 1 |a Финагин  |b В. В.  |g Валентин Викторович  |4 070 
712 0 2 |a Академия наук Украинской ССР (АН УССР)  |b Институт экономики промышленности (ИЭП)  |c (Донецк)  |2 stltpush  |3 (RuTPU)RU\TPU\col\13774 
801 0 |a RU  |b RuMRKP  |c 19950704  |g psbo 
801 1 |a RU  |b 63413507  |c 20150901 
801 2 |a RU  |b 63413507  |c 20170816  |g RCR 
942 |c BK